MDQL
is popping MORE tags! Check the
thread
!
Quizzes
Events
Quiz Creation
Community
Videos
Private Events
Remove Ads
Sign In
Join for FREE
Feedback
Dark Mode
Quiz Categories
Sports
Geography
Music
Movies
Television
Just For Fun
Miscellaneous
History
Literature
Language
Science
Gaming
Entertainment
Religion
Holiday
For Kids
Quiz Lab
Recent
Popular Today
Quiz Kudos Today
Editor Picks
Curator Picks
Quizzes by...
Day
Popularity
Type
Ratings
Length
Year
Community
Subscriptions
Recent Discussions
Orange Saloon
Badges
Playlists
Quests
Create
Leaderboards
Showdown
Live 5
Trivia Bingo
Activity
Puzzle Library
Sporcle Events
Private Events
Virtual Trivia
Globe League
Become a Host
Pub Owners
SporcleCon
Opinionation
Our Games
Videos
Blog
Mobile Apps
Partnerships
Remove Ads and Go Orange
Feedback
Sports
Athletes
MLB
NBA
NHL
NFL
Soccer
Sports Teams
WWE
NCAA
Football
Premier League
Basketball
Baseball
Hockey
Golf
Tennis
Cricket
Rugby
Auto Racing
Olympics
World Cup
Sports
Athletes
MLB
NBA
NHL
NFL
Soccer
Sports Teams
WWE
NCAA
Football
Premier League
Basketball
Baseball
Hockey
Golf
Tennis
Cricket
Rugby
Auto Racing
Olympics
World Cup
Random Quiz
Search Sporcle
×
Quiz Lab
Quiz Lab
Sports
Baseball
Type in answers that appear in a list
Type in answers that appear in a list
Classic
Best Score? Go Orange.
Vanna Whites Baseball Stats
Can you name the hidden player?
By
BigRed4
15m
25 Questions
84 Plays
84 Plays
84 Plays
Comments
Comments
Give Quiz Kudos
Give Quiz Kudos
-
- Ratings
hide this ad
Replay
Link that replays current quiz
Next Quiz
Link to next quiz in quiz playlist
You Got
0%
They Got
Avg Score
39%
Avg Friend Score
Upgrade to see
Score Distribution
Jump to the score distribution portion of the page
Score
0/25
Timer
15:00
0
Plays Today
clue
player
% Correct
J*m *h*me
Jim Thome
90.5%
J**k*e **bi**on
Jackie Robinson
77.4%
*t*n **s*al
Stan Musial
61.9%
*a*e *u*h
Babe Ruth
60.7%
A**e*t *u*o*s
Albert Pujols
57.1%
**n **i**ey
Ken Griffey
53.6%
*e*e *o*e
Pete Rose
51.2%
C**p*e* *o*e*
Chipper Jones
48.8%
**nn* **m*re*
Manny Ramirez
46.4%
V**n*n *e**s
Vernon Wells
45.2%
L**r* *a**e*
Larry Walker
44%
**vi* *r**z
David Ortiz
44%
*eo**e *r**t
George Brett
40.5%
clue
player
% Correct
L** *e*ri*
Lou Gehrig
36.9%
R***y ***n**n
Randy Johnson
34.5%
G**l*r* **r*y
Gaylord Perry
32.1%
*a**y *o*d*
Barry Bonds
28.6%
*o*nn* *en**
Johnny Bench
28.6%
*te** **rl**n
Steve Carlton
26.2%
*e*e* *e*e*
Derek Jeter
23.8%
*c**i*o *u**k*
Ichiro Suzuki
17.9%
*o*e* *le*e**
Roger Clemens
11.9%
*ro* **a*s
Troy Glaus
8.3%
**e*e *a**e*
Steve Garvey
7.1%
*y*e **er*a*
Lyle Overbay
6%
Quiz Playlist
Details
Report
Send in Message
Add To Playlist
Classic:
Type in answers that appear in a list
Last Updated: Feb 16, 2017
Quiz Scoreboard
CHALLENGE
Sign Up to Join the Scoreboard
Show All
Scores
Hide
Comments
May contain spoilers
Recently Published
Two Season TV Shows II
by 123Four
Television
10m
Image Sorting: Flags VI
by Barbecue
Geography
2m
Find the 'City' Movie
by crazypaving
Movies
60s
More to Explore
Quiz From the Vault
Featured Blog Post
14 Easter Pick-up Lines to Find Eggs With
hide this ad
You Might Also Like...
Tags
Baseball Quiz
hidden
Player
White
Today's Top Quizzes in Sports
Browse Sports
hide this ad
Today's Top Quizzes in Baseball
Browse Baseball
Top Contributed Quizzes in Sports
1
Les meilleurs buteurs des matchs entre le PSG et l’OM
2
Les entraîneurs de l'OM et du PSG au 21e siècle
3
2022 World Cup Stars
4
Les joueurs passés par le PSG et l'OM
5
Players with Multiple 50 Home Run Seasons
6
Criteria MLB: Left Handed Sluggers
7
FIFA Club World Cup Champions
8
Les joueurs passés par le LOSC et le RC Lens
9
NBA Logic Puzzle 2.0
10
Top 10 NHL Goal Scorers of All Time
Explore More
Trending Topics
Disney
NBA
Crossword
Marvel
Kpop
Anime
Harry Potter
Song
Country
WWE
The Office
Soccer
Puzzle
Pokémon
NFL
hide this ad
More By:
BigRed4
Quiz
Plays
Rating
Category
Featured
Created
Beatles Typing Test
1,247
3.08
Music
Apr 10, 2010
Vanna Whites NFL
192
3.25
Sports
Apr 8, 2010
I Want A New Drug-Huey Lewis
114
3.00
Music
Apr 10, 2010
misc lyrics
93
1.67
Music
Apr 8, 2010
Vanna Whites Baseball
84
3.50
Sports
Apr 10, 2010
Go to Creator's Profile
Score Distribution
Quiz Creator Spotlight
BigRed4
Follow
Send a Message
Quizzes Created
-
Created Quiz Play Count
-
More By This Creator
Popular Quizzes Today
1
Find the US States - No Outlines Minefield
2
Colored Red Africa Blitz
3
Find the 'City' Movie
4
5x2 Blitz: Bands
5
The Countries of the World
6
Find the Countries of Europe - No Outlines Minefield
7
Find the US States
8
US States
More Sports Quizzes
Couldn't Win the Big One
Editor's Pick
Trending Quizzes
Colored Red Europe Blitz I
Colored Red Africa Blitz II
Colored Red Europe Blitz II
Colored Red Africa Blitz III
Colored Red Europe Blitz III
Recently Updated
How Do You Spell That?
pecheneg
Godzilla Movies
pecheneg
Grab Bag: 4-10 Letters
pecheneg
2024 March Madness Bracket
pecheneg
Famous TV Couples
Peacemaker
Champions League XIs: Real Madrid
pecheneg
Largest US Cities 1790-2010
pecheneg
Rides in Walt Disney World
pecheneg
Most Oscar Losses (Acting)
pecheneg
Beyoncé Albums
pecheneg
Trending Topics
Kpop
Marvel
Anime
Crossword
Harry Potter
NBA
Disney
NFL
Soccer
Puzzle
Country
WWE
Pokémon
The Office
Song
Your Account Isn't Verified!
In order to create a playlist on Sporcle, you need to verify the email address you used during registration. Go to your
Sporcle Settings
to finish the process.
Report this User
Report this user for behavior that violates our
Community Guidelines
.
Details:
Send Report
Go to the Sporcle.com Mobile Site →
Comments